[Event "World Rapid 2025"]
[Site "Doha QAT"]
[Date "2025.12.28"]
[Round "11.36"]
[White "Bjerre, Jonas Buhl"]
[Black "Amar, Elham"]
[Result "1-0"]
[WhiteTitle "GM"]
[BlackTitle "GM"]
[WhiteElo "2623"]
[BlackElo "2592"]
[WhiteFideId "1444948"]
[BlackFideId "1533533"]
[EventDate "2025.12.26"]

1. e4 c6 2. d4 d5 3. exd5 cxd5 4. Nf3 Nc6 5. c3 Nf6 6. Ne5 a6 7. Bd3 g6 8. O-O
Bf5 9. Bxf5 gxf5 10. Re1 e6 11. Bf4 Nxe5 12. Bxe5 Bd6 13. Nd2 Bxe5 14. dxe5 Ne4
15. Nb3 Rc8 16. Qh5 Qg5 17. Qxg5 Nxg5 18. f3 h5 19. h4 Nh7 20. Rad1 Nf8 21. Rd4
Ng6 22. a4 Rc7 23. Kh2 Rg8 24. Kh3 Ne7 25. a5 Nc6 26. Ra4 Ke7 27. Nc1 f6 28.
exf6+ Kxf6 29. Ne2 e5 30. f4 e4 31. Rd1 Rd7 32. g3 Rb8 33. Kg2 b5 34. axb6 Rxb6
35. b4 a5 36. bxa5 Ra6 37. Rb1 Rda7 38. Rb5 Ke6 39. Kf2 Kd6 40. Ke1 Ra8 41. Kf2
R8a7 42. Nd4 Ne7 43. Ke3 Kd7 44. c4 Rg6 45. Kf2 Rd6 46. cxd5 Rda6 47. d6 Rxd6
48. Nxf5 Rd2+ 49. Ke3 Rg2 50. Kxe4 Nc6 51. a6 Kc7 52. Ra3 Rg1 53. Ne3 Ra8 54.
Rb7+ Kc8 55. Nf5 Rd1 56. Rh7 Re1+ 57. Kf3 Re6 58. a7 1-0

[Event "World Rapid 2025"]
[Site "Doha QAT"]
[Date "2025.12.28"]
[Round "11.37"]
[White "Raja, Harshit"]
[Black "Kadric, Denis"]
[Result "1/2-1/2"]
[WhiteTitle "GM"]
[BlackTitle "GM"]
[WhiteElo "2472"]
[BlackElo "2543"]
[WhiteFideId "5089000"]
[BlackFideId "14403803"]
[EventDate "2025.12.26"]

1. e4 d6 2. d4 Nf6 3. Nc3 e5 4. dxe5 dxe5 5. Qxd8+ Kxd8 6. Bc4 Bb4 7. Bxf7 Nxe4
8. Ne2 Bf5 9. Bb3 Nc5 10. Bg5+ Kc8 11. O-O-O Nxb3+ 12. axb3 Nc6 13. Nd5 a5 14.
Nec3 b6 15. Nb5 Kb7 16. Nbxc7 Rac8 17. c3 Nd4 18. Rxd4 exd4 19. cxb4 1/2-1/2

[Event "World Rapid 2025"]
[Site "Doha QAT"]
[Date "2025.12.28"]
[Round "11.38"]
[White "Santos Latasa, Jaime"]
[Black "Yakubboev, Nodirbek"]
[Result "0-1"]
[WhiteTitle "GM"]
[BlackTitle "GM"]
[WhiteElo "2616"]
[BlackElo "2691"]
[WhiteFideId "2293307"]
[BlackFideId "14203987"]
[EventDate "2025.12.26"]

1. e4 c5 2. Nf3 d6 3. d4 cxd4 4. Nxd4 Nf6 5. Nc3 a6 6. Be3 e5 7. Nb3 Be6 8. Qd2
Nbd7 9. O-O-O b5 10. f3 Nb6 11. Qf2 Nfd7 12. f4 Rc8 13. Nd5 Nxd5 14. exd5 Bf5
15. Bd3 Bxd3 16. Rxd3 Be7 17. Kb1 O-O 18. g4 f5 19. Qg2 Rc4 20. gxf5 exf4 21.
Bd4 Bf6 22. Rg1 Ne5 23. Rdd1 f3 24. Qh3 Qc7 25. c3 b4 26. cxb4 Rxb4 27. Bc3 Rh4
28. Qg3 Rg4 29. Qh3 Rxg1 30. Rxg1 Qc4 31. Rf1 Rc8 32. Ka1 Qxd5 33. Nd4 h6 34.
Nxf3 Rxc3 35. bxc3 Qd3 36. Ng1 Nf3 37. Ne2 Bxc3+ 0-1

[Event "World Rapid 2025"]
[Site "Doha QAT"]
[Date "2025.12.28"]
[Round "11.39"]
[White "Le, Quang Liem"]
[Black "Idani, Pouya"]
[Result "1-0"]
[WhiteTitle "GM"]
[BlackTitle "GM"]
[WhiteElo "2731"]
[BlackElo "2611"]
[WhiteFideId "12401137"]
[BlackFideId "12510130"]
[EventDate "2025.12.26"]

1. d4 Nf6 2. c4 e6 3. Nf3 Bb4+ 4. Nbd2 O-O 5. a3 Be7 6. e4 d6 7. Be2 Nfd7 8. Nf1
e5 9. Ng3 a5 10. b3 exd4 11. Nxd4 Nc6 12. Nb5 Bf6 13. Rb1 Re8 14. O-O Nc5 15. f3
Na7 16. Nxa7 Rxa7 17. Be3 b6 18. Qd2 g6 19. Bd1 Ra8 20. Ne2 Bd7 21. Nc3 Bc6 22.
Nd5 Bxd5 23. cxd5 Bg7 24. Bc2 Qf6 25. Rfc1 Ra7 26. Bd3 a4 27. bxa4 Nxd3 28. Qxd3
Qe7 29. Rc4 f5 30. Rbc1 fxe4 31. Rxe4 Qd7 32. Rcc4 Rxe4 33. Qxe4 Qf7 34. h3 Ra8
35. Qc2 Qxd5 36. Rxc7 Bd4 37. Qd3 Rxa4 38. Kh1 b5 39. Rc8+ Kf7 40. Rh8 Kg7 41.
Rb8 Rc4 42. Qd2 h5 43. Bh6+ Kh7 44. Bf8 Kg8 45. Bxd6+ Kf7 46. Qf4+ Qf5 1-0

[Event "World Rapid 2025"]
[Site "Doha QAT"]
[Date "2025.12.28"]
[Round "11.40"]
[White "Harikrishna, Pentala"]
[Black "Jumabayev, Rinat"]
[Result "1/2-1/2"]
[WhiteTitle "GM"]
[BlackTitle "GM"]
[WhiteElo "2693"]
[BlackElo "2560"]
[WhiteFideId "5007003"]
[BlackFideId "13702661"]
[EventDate "2025.12.26"]

1. e4 c5 2. Nf3 e6 3. g3 Nc6 4. Bg2 Nf6 5. d3 d5 6. Qe2 Be7 7. O-O O-O 8. e5 Nd7
9. c4 Qc7 10. Bf4 d4 11. h4 Rb8 12. Nbd2 b5 13. cxb5 Rxb5 14. Nc4 Ba6 15. Rfe1
Nb6 16. Ng5 Bxg5 17. Bxg5 Nxc4 18. dxc4 Rb6 19. b3 Bb7 20. h5 h6 21. Bd2 d3 22.
Qe3 Nd4 23. Qxd3 Rd8 24. Qc3 Bxg2 25. Kxg2 Qc6+ 26. Kh3 Rb7 27. Qd3 Rbd7 28. Ba5
Nf3 29. Qe2 Ng5+ 30. Kh2 Nf3+ 31. Kh3 Nxe1 32. Rxe1 Rc8 33. Bd2 Kh8 34. Kh2 Qc7
35. Bc3 Rcd8 36. Qe4 Rd3 37. Rc1 R8d7 38. Kg2 Qd8 39. Qc6 Qg5 40. Rh1 Qf5 41.
Rh4 Kh7 42. Ba5 Rd1 43. Qxc5 Qb1 44. Qc6 Rg1+ 45. Kh2 Rdd1 46. Qe4+ Qxe4 47.
Rxe4 Ra1 48. c5 Rgc1 49. b4 Rxa2 50. Kg2 Kg8 51. Bc7 Rac2 52. Rd4 Rb1 53. Rd8+
Kh7 54. Rd7 Kg8 55. Ba5 Rbb2 56. Kh3 a6 57. Ra7 f5 58. exf6 gxf6 59. Bb6 f5 60.
c6 Rxc6 61. Ra8+ Kf7 62. Ra7+ Ke8 63. Be3 e5 64. Bc5 Re6 65. Kg2 Rb3 66. Ra8+
Kd7 67. Rf8 f4 68. gxf4 exf4 69. Rxf4 a5 70. bxa5 Rb5 71. Bb6 Rxh5 72. Rc4 Rb5
73. Rc7+ Kd6 74. Rh7 Rg6+ 75. Kf1 h5 76. Ke2 Kc6 77. Rc7+ Kd5 78. Rh7 Kc6 79.
Kd3 Rd5+ 80. Ke4 Re6+ 81. Kf3 Rf5+ 82. Kg2 Rg6+ 83. Kf1 Rg4 84. Rh6+ Kb5 85. Ke2
Re4+ 86. Kf1 Rc4 87. Kg2 Rg4+ 88. Kf1 Rg8 89. Bc7 Rc8 90. Bb6 Rc6 91. Rh8 Rcf6
92. Kg2 Rf7 93. Kf1 R7f6 94. Kg2 Rg6+ 95. Kf1 Kc4 96. a6 Rxb6 97. a7 Ra6 1/2-1/2

[Event "World Rapid 2025"]
[Site "Doha QAT"]
[Date "2025.12.28"]
[Round "11.41"]
[White "Alekseenko, Kirill"]
[Black "Vokhidov, Shamsiddin"]
[Result "1-0"]
[WhiteTitle "GM"]
[BlackTitle "GM"]
[WhiteElo "2659"]
[BlackElo "2641"]
[WhiteFideId "4135539"]
[BlackFideId "14204223"]
[EventDate "2025.12.26"]

1. e4 e5 2. Nf3 Nc6 3. Bc4 Bc5 4. d3 Nf6 5. Nc3 a6 6. a4 d6 7. Be3 O-O 8. Bxc5
dxc5 9. Nd5 Nxd5 10. Bxd5 Ne7 11. Bc4 Qd6 12. Nd2 Bd7 13. O-O b5 14. Bb3 Nc6 15.
Bd5 Be6 16. c4 Bxd5 17. exd5 Nd4 18. Ne4 Qe7 19. axb5 axb5 20. cxb5 Nxb5 21.
Rxa8 Rxa8 22. Qb3 Nd4 23. Qb7 Qd8 24. d6 cxd6 25. Nxd6 Qf8 26. Nc4 f6 27. Nd6 g6
28. Qd5+ Kh8 29. g3 Ra7 30. Ne4 Kg7 31. Kg2 Qa8 32. Qxc5 Rd7 33. Rc1 Qb7 34. Rc4
Qxb2 35. Qc8 Qb7 36. Qe8 Re7 37. Qd8 f5 38. Rc8 Ne6 39. Qh8+ Kh6 40. Rb8 Qd7 41.
Nd2 Qd5+ 42. Kg1 Qxd3 43. Qf6 Rd7 44. Rg8 Ng5 45. h4 Nh3+ 46. Kh2 Qxd2 47. Kxh3
Qc1 48. Kg2 Rc7 49. Qxe5 Rc2 50. Qg7+ Kh5 51. Qxh7+ Qh6 52. Rh8 Qxh7 53. Rxh7+
Kg4 54. Rh6 f4 55. Rxg6+ Kf5 56. Rg5+ Kf6 57. gxf4 Rc4 58. Kg3 Rc3+ 59. f3 Rc1
60. Ra5 Rg1+ 61. Kf2 Rh1 62. h5 Rh2+ 63. Kg3 Rh1 64. Ra6+ Kf5 65. Ra5+ Kf6 66.
Rb5 Rg1+ 67. Kh2 Rf1 68. Kg2 Ra1 69. Rg5 Ra2+ 70. Kg3 Ra1 71. Kh2 Ra2+ 72. Rg2
Ra5 73. Rg6+ Kf7 74. Rg5 Ra2+ 75. Kg3 Ra1 76. Kg4 Rg1+ 77. Kf5 Rh1 78. Kg4 Rg1+
79. Kh3 Rh1+ 80. Kg2 Rh4 81. Rf5+ Kg7 82. Kg3 Rh1 83. Rb5 Kf6 84. h6 Kg6 85.
Rb6+ Kh7 86. f5 Rg1+ 87. Kf4 Ra1 88. Kg5 Rg1+ 89. Kf6 Ra1 90. Rb4 Ra2 91. Rb1
Ra8 92. Kg5 Rg8+ 93. Kh5 Rg3 94. Rb7+ Kh8 95. f6 Rxf3 96. f7 Rf1 97. Kg4 1-0

[Event "World Rapid 2025"]
[Site "Doha QAT"]
[Date "2025.12.28"]
[Round "11.42"]
[White "Sargsyan, Shant"]
[Black "Le, Tuan Minh"]
[Result "1-0"]
[WhiteTitle "GM"]
[BlackTitle "GM"]
[WhiteElo "2665"]
[BlackElo "2598"]
[WhiteFideId "13306766"]
[BlackFideId "12401153"]
[EventDate "2025.12.26"]

1. e4 e5 2. Nf3 Nc6 3. Bb5 a6 4. Ba4 g6 5. d4 b5 6. Bb3 exd4 7. a4 b4 8. Nxd4
Na5 9. Bd5 c6 10. Ba2 Bg7 11. O-O Ne7 12. c3 c5 13. Nf3 O-O 14. Bf4 d6 15. Bxd6
b3 16. Bxe7 Qxe7 17. Bxb3 Nxb3 18. Qxb3 Qxe4 19. Nbd2 Qf4 20. Rfe1 Rb8 21. Qc4
Qf5 22. Rab1 Be6 23. Qxa6 Ba2 24. Rbd1 Rxb2 25. Nc4 Rbb8 26. Ne3 Qf4 27. c4 h6
28. a5 Kh7 29. Qa7 Bxc4 30. Nxc4 Qxc4 31. Rc1 Qa2 32. Rxc5 Rb3 33. h4 Rxf3 34.
gxf3 Bd4 35. Rc2 Qxc2 36. Qxd4 Qa2 37. Ra1 Qb3 38. Kg2 Ra8 39. a6 h5 40. a7 Qb7
41. Ra5 Qc7 42. Rxh5+ gxh5 43. Qe4+ f5 44. Qxa8 Qg7+ 45. Kh3 Qa1 46. Qb7+ Kg6
47. Qc6+ Kg7 48. Qb7+ Kg6 49. Kg2 1-0

[Event "World Rapid 2025"]
[Site "Doha QAT"]
[Date "2025.12.28"]
[Round "11.43"]
[White "Pranesh, M"]
[Black "Iturrizaga Bonelli, Eduardo"]
[Result "1-0"]
[WhiteTitle "GM"]
[BlackTitle "GM"]
[WhiteElo "2627"]
[BlackElo "2592"]
[WhiteFideId "35028600"]
[BlackFideId "3901211"]
[EventDate "2025.12.26"]

1. e4 c6 2. d4 d5 3. e5 Bf5 4. Ne2 e6 5. Ng3 Bg6 6. h4 h6 7. h5 Bh7 8. Bd3 Bxd3
9. cxd3 Qb6 10. Ne2 Nd7 11. O-O Ne7 12. Nd2 Nf5 13. Nf3 Be7 14. g3 Bg5 15. Kg2
Bxc1 16. Qxc1 a5 17. g4 Ne7 18. Qe3 a4 19. b4 Nc8 20. a3 Na7 21. Nc3 Nb5 22.
Nxb5 Qxb5 23. Nh4 O-O-O 24. f4 Rde8 25. f5 f6 26. Ng6 fxe5 27. fxe6 Nf6 28. dxe5
d4 29. Qxd4 Rd8 1-0

[Event "World Rapid 2025"]
[Site "Doha QAT"]
[Date "2025.12.28"]
[Round "11.44"]
[White "Chigaev, Maksim"]
[Black "Daneshvar, Bardiya"]
[Result "1-0"]
[WhiteTitle "GM"]
[BlackTitle "GM"]
[WhiteElo "2626"]
[BlackElo "2600"]
[WhiteFideId "4108116"]
[BlackFideId "12576468"]
[EventDate "2025.12.26"]

1. Nf3 Nf6 2. c4 b6 3. g3 Bb7 4. Bg2 g6 5. d4 Bg7 6. O-O O-O 7. Qc2 c5 8. d5 b5
9. Rd1 d6 10. e4 bxc4 11. Na3 Ba6 12. e5 Nfd7 13. e6 fxe6 14. Ng5 Nb6 15. Nxe6
Qc8 16. Nxg7 Kxg7 17. b3 Qf5 18. Bb2+ Kf7 19. Be4 cxb3 20. axb3 Qg4 21. f3 Qh5
22. Nb1 Ke8 23. Nd2 Bb7 24. Nc4 N8d7 25. Qd3 Nxc4 26. Qxc4 Rxf3 27. Bxf3 Qxf3
28. Rd3 Qe2 29. Bc3 Nb6 30. Qb5+ Kd8 31. Re1 Qc2 32. Ba5 Rb8 33. Rf3 Rc8 34.
Bxb6+ axb6 35. Qxb6+ 1-0

[Event "World Rapid 2025"]
[Site "Doha QAT"]
[Date "2025.12.28"]
[Round "11.45"]
[White "Peyrer, Konstantin"]
[Black "Kozak, Adam"]
[Result "0-1"]
[WhiteTitle "IM"]
[BlackTitle "GM"]
[WhiteElo "2496"]
[BlackElo "2546"]
[WhiteFideId "1640879"]
[BlackFideId "753246"]
[EventDate "2025.12.26"]

1. d4 Nf6 2. c4 e6 3. Nc3 d5 4. Nf3 Nbd7 5. cxd5 exd5 6. Bg5 c6 7. Qc2 Be7 8. e3
Nh5 9. Bxe7 Qxe7 10. h3 g6 11. O-O-O Nb6 12. g4 Ng7 13. Bd3 Be6 14. e4 dxe4 15.
Bxe4 O-O 16. Rde1 Qd6 17. Kb1 Rae8 18. Qc1 Nd5 19. Ne5 f6 20. Nd3 Bf7 21. Bxd5
Bxd5 22. Rxe8 Rxe8 23. Re1 Rxe1 24. Qxe1 Ne6 25. Qe3 Nxd4 26. Nxd5 Qxd5 27. Qe8+
Kg7 28. Qe7+ Kh6 29. a3 Qf3 30. Nc5 Kg5 31. Ne4+ Kf4 32. Nd2 Qd1+ 33. Ka2 Qxd2
34. Qxf6+ Ke4 35. Qe7+ Kf3 36. Qxb7 h6 37. Qxa7 Kg2 38. Qc5 Qxf2 39. a4 Kxh3 40.
a5 Kxg4 41. a6 Qf7+ 42. Kb1 Qf1+ 43. Qc1 Qd3+ 0-1

[Event "World Rapid 2025"]
[Site "Doha QAT"]
[Date "2025.12.28"]
[Round "11.46"]
[White "Dardha, Daniel"]
[Black "Vetokhin, Savva"]
[Result "1/2-1/2"]
[WhiteTitle "GM"]
[BlackTitle "GM"]
[WhiteElo "2603"]
[BlackElo "2572"]
[WhiteFideId "240990"]
[BlackFideId "44144474"]
[EventDate "2025.12.26"]

1. d4 Nf6 2. c4 e6 3. Nc3 Bb4 4. e3 O-O 5. a3 Bxc3+ 6. bxc3 c5 7. Bd3 Nc6 8. Rb1
b6 9. e4 d6 10. Ne2 Ne8 11. O-O Ba6 12. f4 f5 13. Ng3 Ne7 14. d5 exd5 15. cxd5
Bxd3 16. Qxd3 c4 17. Qxc4 Rc8 18. Qe2 fxe4 19. Nxe4 Nxd5 20. Qa2 Nc7 21. Rb5 Rf5
22. Rb2 Kh8 23. c4 Nf6 24. Ng5 Qg8 25. Re2 Re8 26. Rfe1 h6 27. Rxe8 Nfxe8 28.
Nf3 Qf7 29. Be3 Rf6 30. Qc2 Ne6 31. Qe4 N8c7 32. Nh4 Nc5 33. Bxc5 dxc5 34. f5
Qd7 35. Ng6+ Kh7 36. g4 b5 37. h4 Qd2 38. Nf4 Qc3 39. Nh5 bxc4 40. Nxf6+ Qxf6
41. Kg2 c3 42. Rd1 Nb5 43. Rd5 Nd6 44. Qe6 c4 45. Rxd6 c2 46. Qxc4 Qb2 47. Rxh6+
gxh6 48. Qc7+ Kh8 49. Qd8+ Kh7 50. Qe7+ Kh8 51. Qe8+ Kh7 52. Qg6+ Kh8 53. Qe8+
Kh7 54. Qe7+ Kh8 1/2-1/2

[Event "World Rapid 2025"]
[Site "Doha QAT"]
[Date "2025.12.28"]
[Round "11.47"]
[White "Sklokin, Sergey"]
[Black "Indjic, Aleksandar"]
[Result "1-0"]
[WhiteTitle "FM"]
[BlackTitle "GM"]
[WhiteElo "2407"]
[BlackElo "2635"]
[WhiteFideId "55730230"]
[BlackFideId "911925"]
[EventDate "2025.12.26"]

1. e4 e5 2. Nf3 Nc6 3. Bc4 Nf6 4. d3 h6 5. c3 d6 6. a4 g6 7. Qb3 Qe7 8. a5 a6 9.
h3 Bg7 10. Be3 O-O 11. Nbd2 Rb8 12. Qc2 Be6 13. Bxe6 Qxe6 14. d4 Nxe4 15. Qxe4
f5 16. Qd3 exd4 17. Nxd4 Nxd4 18. cxd4 f4 19. O-O fxe3 20. fxe3 Rbe8 21. Rxf8+
Bxf8 22. e4 Bg7 23. Re1 c6 24. Nf3 g5 25. e5 d5 26. Nh2 Rf8 27. Rf1 Rxf1+ 28.
Kxf1 Kf7 29. Qf3+ Kg6 30. g4 Qf7 31. Ke2 Qxf3+ 32. Nxf3 Bf8 33. Nd2 Bb4 34. Nb3
Kf7 35. Ke3 Ke6 36. Kd3 Be7 37. Kc3 c5 38. Nxc5+ Bxc5 39. dxc5 Kxe5 40. Kd3 d4
41. b3 Kd5 1-0

[Event "World Rapid 2025"]
[Site "Doha QAT"]
[Date "2025.12.28"]
[Round "11.48"]
[White "Narayanan, S.L."]
[Black "Oro, Faustino"]
[Result "1/2-1/2"]
[WhiteTitle "GM"]
[BlackTitle "IM"]
[WhiteElo "2616"]
[BlackElo "2503"]
[WhiteFideId "5058422"]
[BlackFideId "20000197"]
[EventDate "2025.12.26"]

1. d4 Nf6 2. c4 e6 3. Nf3 d5 4. Nc3 c6 5. e3 Nbd7 6. Qc2 b6 7. Bd3 Bb7 8. O-O
dxc4 9. Bxc4 a6 10. Rd1 b5 11. Bd3 c5 12. dxc5 Bxc5 13. Ne4 Be7 14. Nxf6+ Bxf6
15. a4 b4 16. a5 Qc8 17. Bd2 b3 18. Qxb3 Nc5 19. Qa3 Nxd3 20. Qxd3 O-O 21. Rac1
Qb8 22. Bc3 Rd8 23. Qe2 Bxc3 24. Rxc3 Bxf3 25. gxf3 Rxd1+ 26. Qxd1 Qxb2 27. Qc1
Qb8 28. Rc7 h6 29. Kg2 Qd8 30. Qc5 Qf6 31. Rc8+ Rxc8 32. Qxc8+ Kh7 33. Qxa6 Qg6+
34. Kf1 Qb1+ 35. Ke2 Qc2+ 36. Kf1 Qb1+ 1/2-1/2

[Event "World Rapid 2025"]
[Site "Doha QAT"]
[Date "2025.12.28"]
[Round "11.49"]
[White "Donchenko, Alexander"]
[Black "Christiansen, Johan-Sebastian"]
[Result "1-0"]
[WhiteTitle "GM"]
[BlackTitle "GM"]
[WhiteElo "2661"]
[BlackElo "2655"]
[WhiteFideId "24603295"]
[BlackFideId "1512668"]
[EventDate "2025.12.26"]

1. Nf3 Nf6 2. c4 d6 3. d4 g6 4. Nc3 Bf5 5. Qb3 b6 6. g3 Nc6 7. Bg2 Bg7 8. d5 Na5
9. Qd1 O-O 10. Nd4 Bd7 11. b3 Rc8 12. O-O c5 13. dxc6 Nxc6 14. Nc2 a6 15. a4 Na5
16. Rb1 Bf5 17. e4 Bg4 18. Qe1 Nd7 19. Nd5 Nc5 20. b4 Nd3 21. Qd2 Nxc4 22. Qxd3
Ne5 23. Qb3 e6 24. Nf4 g5 25. Nh3 Be2 26. Bxg5 Qc7 27. Rfc1 Nd3 28. Bd2 Nxc1 29.
Rxc1 Bc4 30. Qf3 Qd7 31. Ne3 Ba2 32. Rxc8 Qxc8 33. Bf1 Qc6 34. b5 axb5 35. axb5
Qc5 36. Ng4 f5 37. Nh6+ Kh8 38. exf5 exf5 39. Qh5 f4 40. Ng5 Qc2 41. Bxf4 Bd4
42. Ng4 Qf5 43. Ne3 Qb1 44. Kg2 Bxe3 45. Bxe3 Bd5+ 46. f3 Qc2+ 47. Kg1 Kg8 48.
Bd4 Rd8 49. Qh6 Rd7 50. Qf6 1-0

[Event "World Rapid 2025"]
[Site "Doha QAT"]
[Date "2025.12.28"]
[Round "11.50"]
[White "Chasin, Nico"]
[Black "Tabatabaei, M. Amin"]
[Result "0-1"]
[WhiteTitle "IM"]
[BlackTitle "GM"]
[WhiteElo "2517"]
[BlackElo "2700"]
[WhiteFideId "30908477"]
[BlackFideId "12521213"]
[EventDate "2025.12.26"]

1. d4 Nf6 2. c4 e6 3. Nc3 d5 4. cxd5 exd5 5. Bg5 c6 6. e3 h6 7. Bh4 Be7 8. Bd3
O-O 9. Nge2 Re8 10. O-O Nbd7 11. a4 Bd6 12. h3 a5 13. Qd2 Qe7 14. Ng3 Nf8 15.
Nh5 g5 16. Nxf6+ Qxf6 17. Bg3 Ng6 18. Rae1 Bd7 19. Kh1 Re7 20. Bb1 Rae8 21. Qd1
Bb4 22. Bc2 g4 23. hxg4 Qg5 24. f4 Qxg4 25. Qxg4 Bxg4 26. f5 Nf8 27. e4 dxe4 28.
Rxe4 h5 29. Rxe7 Rxe7 30. Ne4 Nd7 31. Bh4 Re8 32. Bd3 Be2 33. Rf3 Bxd3 34. Rg3+
Kf8 35. Nf6 0-1

[Event "World Rapid 2025"]
[Site "Doha QAT"]
[Date "2025.12.28"]
[Round "11.51"]
[White "Pichot, Alan"]
[Black "Karthik, Venkataraman"]
[Result "0-1"]
[WhiteTitle "GM"]
[BlackTitle "GM"]
[WhiteElo "2597"]
[BlackElo "2589"]
[WhiteFideId "110973"]
[BlackFideId "25006479"]
[EventDate "2025.12.26"]

1. e4 c5 2. Nf3 d6 3. c3 Nf6 4. Be2 Bd7 5. d3 g6 6. O-O Bg7 7. Re1 O-O 8. Bf1
Nc6 9. h3 e5 10. a3 a5 11. a4 h6 12. Na3 Be6 13. Nc4 Rb8 14. g3 Re8 15. Nfd2 b6
16. Bg2 d5 17. exd5 Bxd5 18. Qe2 Bxg2 19. Kxg2 Nd5 20. Ne4 Re6 21. Qf3 f5 22.
Ned2 Qd7 23. Nf1 Nce7 24. Bd2 Rd8 25. Kh2 Kh7 26. Re2 Nc7 27. Rae1 Qxa4 28. Nxe5
Ned5 29. c4 Nb4 30. Bc3 Nc2 31. Qb7 Nxe1 32. Rxe1 Ne8 33. Ne3 Nd6 34. Qxb6 Qe8
35. Nc6 Nf7 36. Nxf5 Rxe1 37. Nxg7 Qe2 38. Bxe1 Qxe1 39. Nxd8 Qxf2+ 40. Kh1 Qf1+
41. Kh2 Qf2+ 42. Kh1 Qf1+ 43. Kh2 Ng5 44. g4 Qf2+ 45. Kh1 Nf3 0-1

[Event "World Rapid 2025"]
[Site "Doha QAT"]
[Date "2025.12.28"]
[Round "11.52"]
[White "Madaminov, Mukhiddin"]
[Black "Paravyan, David"]
[Result "1/2-1/2"]
[WhiteTitle "GM"]
[BlackTitle "GM"]
[WhiteElo "2552"]
[BlackElo "2582"]
[WhiteFideId "14210703"]
[BlackFideId "4194985"]
[EventDate "2025.12.26"]

1. e4 e5 2. Nf3 Nf6 3. d4 Nxe4 4. Bd3 d5 5. Nxe5 Nd7 6. Nxd7 Bxd7 7. O-O Bd6 8.
Nc3 Nxc3 9. bxc3 O-O 10. Qh5 f5 11. Rb1 b6 12. Re1 h6 13. Bd2 Rc8 14. Ba6 Rb8
15. c4 Qf6 16. c3 Bc6 17. Qf3 dxc4 18. Bxc4+ Kh7 19. Qh3 Rbe8 20. Rxe8 Rxe8 21.
Re1 Rxe1+ 22. Bxe1 Qg5 23. g3 Be4 24. Qf1 c6 25. Bd3 b5 26. c4 Qe7 27. Bd2 bxc4
28. Bxc4 Qf6 29. Bc3 Qg6 30. f3 Bd5 31. Bxd5 cxd5 32. Qd3 h5 33. Kg2 h4 34. Be1
Qe6 35. Bf2 hxg3 36. hxg3 Be7 37. Be3 g6 38. Bf4 Bf6 39. Qd2 a6 40. Qb2 g5 41.
Be5 Kg6 42. Kf2 Qc6 43. Bxf6 Kxf6 44. Qa3 Ke6 45. Qe3+ Kf6 46. Qe5+ Kg6 47. Qe2
a5 48. g4 fxg4 49. Qd3+ Kg7 50. fxg4 Qf6+ 51. Kg2 Qf4 52. Qe2 Qxd4 53. Qe7+ Kh6
54. Qe6+ Kg7 55. Qe7+ Kh6 1/2-1/2

[Event "World Rapid 2025"]
[Site "Doha QAT"]
[Date "2025.12.28"]
[Round "11.53"]
[White "Quparadze, Giga"]
[Black "Orozbaev, Eldiyar"]
[Result "1-0"]
[WhiteTitle "GM"]
[BlackTitle "IM"]
[WhiteElo "2502"]
[BlackElo "2348"]
[WhiteFideId "13602250"]
[BlackFideId "13802240"]
[EventDate "2025.12.26"]

1. e4 e6 2. d4 d5 3. Nc3 Nf6 4. e5 Nfd7 5. f4 c5 6. Nf3 Nc6 7. Be3 cxd4 8. Nxd4
Bc5 9. Qd2 O-O 10. O-O-O a6 11. Kb1 Nxd4 12. Bxd4 b5 13. Ne2 b4 14. h4 a5 15. h5
Ba6 16. h6 g6 17. g4 Qb6 18. Ng3 Bxf1 19. Rhxf1 Bxd4 20. Qxd4 Qxd4 21. Rxd4 f6
22. exf6 Nxf6 23. g5 Nd7 24. Re1 Nc5 25. Re3 Kf7 26. Ne2 Ne4 27. c4 bxc3 28.
Nxc3 Nd6 29. Re2 Rfc8 30. Nd1 Rc5 31. Nf2 Rc4 32. Rxc4 Nxc4 33. b3 Nd6 34. Ng4
Ne4 35. Rc2 Rf8 36. Rc7+ Kg8 37. Rg7+ Kh8 38. Ne5 Nd6 39. Re7 Re8 40. Rd7 Nf5
41. Ng4 Rf8 42. Nf6 Rxf6 1-0

[Event "World Rapid 2025"]
[Site "Doha QAT"]
[Date "2025.12.28"]
[Round "11.54"]
[White "Rapport, Richard"]
[Black "Alexakis, Dimitris"]
[Result "1-0"]
[WhiteTitle "GM"]
[BlackTitle "GM"]
[WhiteElo "2741"]
[BlackElo "2544"]
[WhiteFideId "738590"]
[BlackFideId "4277023"]
[EventDate "2025.12.26"]

1. e4 c5 2. Nf3 e6 3. d3 Nc6 4. g3 g6 5. Bg5 Qc7 6. Bg2 Bg7 7. c3 Nge7 8. Qd2 h6
9. Be3 b6 10. Na3 d5 11. Bf4 Qd7 12. Nb5 e5 13. exd5 Nxd5 14. Nxe5 Bxe5 15. Bxe5
Nxe5 16. d4 Qxb5 17. dxe5 Nc7 18. Qd6 Bd7 19. Bxa8 Nxa8 20. Qb8+ Ke7 21. Qxh8
Bg4 22. f3 Qxb2 23. Qf6+ Ke8 24. O-O Bh3 25. Qc6+ Ke7 26. f4 1-0

[Event "World Rapid 2025"]
[Site "Doha QAT"]
[Date "2025.12.28"]
[Round "11.55"]
[White "Wojtaszek, Radoslaw"]
[Black "Zhang, Zhong"]
[Result "1-0"]
[WhiteTitle "GM"]
[BlackTitle "GM"]
[WhiteElo "2667"]
[BlackElo "2561"]
[WhiteFideId "1118358"]
[BlackFideId "8600694"]
[EventDate "2025.12.26"]

1. d4 d5 2. c4 e6 3. Nc3 Nf6 4. cxd5 exd5 5. Bg5 Be7 6. e3 O-O 7. Bd3 c6 8. Qc2
Nbd7 9. Nf3 h6 10. Bf4 Nh5 11. O-O-O Nxf4 12. exf4 Bb4 13. Kb1 Bxc3 14. Qxc3 Qf6
15. f5 c5 16. Bc2 cxd4 17. Rxd4 Nb6 18. g4 Bd7 19. h4 Rac8 20. Qd3 Nc4 21. g5
Qb6 22. Rxc4 dxc4 23. Qxd7 Rfd8 24. Qa4 Qxf2 25. Be4 c3 26. Qc2 Qxc2+ 27. Bxc2
hxg5 28. hxg5 cxb2 29. g6 fxg6 30. fxg6 Kf8 31. Ng5 Rxc2 32. Kxc2 Rd6 33. Rf1+
Ke8 34. Re1+ Kd7 35. Nh7 Kc6 36. Nf8 Kd5 37. Re7 Rd8 38. Nh7 1-0

[Event "World Rapid 2025"]
[Site "Doha QAT"]
[Date "2025.12.28"]
[Round "11.56"]
[White "Murzin, Volodar"]
[Black "Isanzhulov, Arystan"]
[Result "1-0"]
[WhiteTitle "GM"]
[BlackTitle "IM"]
[WhiteElo "2648"]
[BlackElo "2419"]
[WhiteFideId "44155573"]
[BlackFideId "13711644"]
[EventDate "2025.12.26"]

1. e4 c6 2. d4 d5 3. exd5 cxd5 4. Bd3 Nc6 5. c3 Nf6 6. Bf4 Bg4 7. Qb3 Qd7 8. Nd2
e6 9. Ngf3 Bxf3 10. Nxf3 Bd6 11. Bxd6 Qxd6 12. O-O Qc7 13. Rae1 O-O 14. Qc2 Rfc8
15. Re2 Qf4 16. Qb1 g6 17. Nd2 Rab8 18. g3 Qc7 19. Rfe1 b5 20. a3 Na5 21. Qc1
Kg7 22. h4 Nc4 23. Nb3 Nd7 24. h5 Qd8 25. Qf4 Qf6 26. Qg4 Rb6 27. Kg2 a5 28. Rh1
Rbb8 29. Rh4 g5 30. f4 Kh6 31. fxg5+ Qxg5 32. Qf3 Rg8 33. Rf4 Rbf8 34. Bxc4 bxc4
35. Nxa5 Rg7 36. Nc6 Rfg8 37. Re3 f6 38. Nb4 e5 39. Rf5 e4 40. Qf2 Qg4 41. Nxd5
Rg5 42. Rxf6+ Nxf6 43. Qxf6+ 1-0